000 00748nam a2200253Ia 4500
003 OSt
005 20220918192242.0
006 a|||||r|||| 00| 0
007 ta
008 220917b |||||||| |||| 00| 0 eng d
024 _a67,654
037 _cTextual
040 _aARTS
_cARTS
_beng
041 _2eng
_aeng
082 _aR3xM42x, K7
100 _aMcDermott John J.
_978760
245 0 _aWritings of William James ed by John J McDermott
260 _aNew York
_bModern Library USA
_c1968
300 _ali,858p.
_ccm.
500 _aIncluding annotated bibliography of the writings of William James
650 _aMETAPHYSICS
_913358
942 _hR3xM42x, K7
_cTEXL
_2CC
999 _c193887
_d193887